[Event "62nd ch-IND 2025"]
[Site "Guntur IND"]
[Date "2025.09.28"]
[Round "8.48"]
[White "Lavyaajyoti Routray"]
[Black "Banik Hrishikesh Kumar"]
[Result "1/2-1/2"]
[WhiteElo "1946"]
[BlackElo "2053"]
[WhiteFideId "25741128"]
[BlackFideId "25762940"]
[EventDate "2025.09.21"]

1. d4 Nf6 2. c4 e6 3. g3 Bb4+ 4. Nd2 c5 5. a3 Bxd2+ 6. Qxd2 cxd4 7. Nf3 d5 8.
cxd5 e5 9. Nxe5 Qxd5 10. Nf3 Nc6 11. Bg2 O-O 12. O-O Bf5 13. b4 Rad8 14. Bb2 Be4
15. Nh4 Rfe8 16. Rac1 Bxg2 17. Nxg2 Ne4 18. Qc2 a6 19. Nf4 Qg5 20. Kg2 h5 21. f3
Nf6 22. Rcd1 Qb5 23. h4 Nd5 24. Rd3 Ne3+ 25. Rxe3 Rxe3 26. Bc1 Ree8 27. Bd2 Ne5
28. a4 Qd7 29. Nxh5 d3 30. exd3 Nxd3 31. Nf4 Nxf4+ 32. Bxf4 Qd3 33. Qxd3 Rxd3
34. Rc1 Rd4 35. Rb1 Re2+ 36. Kh3 Ra2 37. b5 Raxa4 38. bxa6 bxa6 39. Rb8+ Kh7 40.
Rb7 Kg6 41. Rb6+ f6 42. Rb7 Ra5 43. Bc1 Rc4 44. Bd2 Rd5 45. Bf4 a5 46. Ra7 a4
47. Kg4 Rb5 48. Ra6 Rcb4 49. Ra7 Rb7 50. Ra8 Kf7 51. h5 Ke6 52. Ra6+ Kd5 53. Kf5
Kc4 54. Kg6 Kb3 55. Bd6 R4b6 56. Rxb6+ Rxb6 57. Bf8 Rb7 58. g4 a3 59. Bxa3 Kxa3
60. f4 Kb4 61. g5 Kc5 62. h6 gxh6 63. gxh6 Kd5 64. h7 Rxh7 65. Kxh7 1/2-1/2

[Event "62nd ch-IND 2025"]
[Site "Guntur IND"]
[Date "2025.09.28"]
[Round "8.49"]
[White "Sharnarthi Shlok"]
[Black "Suraj Dahiya"]
[Result "1-0"]
[WhiteElo "2046"]
[BlackElo "1940"]
[WhiteFideId "25977776"]
[BlackFideId "46697195"]
[EventDate "2025.09.21"]

1. e4 e6 2. d3 d5 3. Nd2 Nf6 4. Ngf3 Nc6 5. g3 dxe4 6. dxe4 Bc5 7. Bg2 e5 8. O-O
Qe7 9. h3 O-O 10. c3 a5 11. Qc2 b6 12. Nb3 Ba6 13. Rd1 Bd6 14. Nh4 g6 15. Bg5
Rfd8 16. Nd2 Qe6 17. Nf1 Bxf1 18. Bxf1 Be7 19. Re1 Nh5 20. Bxe7 Nxe7 21. Nf3 Qf6
22. Be2 Ng7 23. Kg2 Ne6 24. h4 Kg7 25. Bc4 Rd6 26. Nh2 h5 27. Nf3 Rad8 28. Rad1
Ng8 29. Rxd6 Rxd6 30. Rd1 Qd8 31. Rd5 f6 32. Qa4 Nc5 33. Rxd6 cxd6 34. Qc6 Ne7
35. Qb5 Nxe4 36. Bd3 d5 37. Bc2 Nd6 38. Qe2 Qd7 39. a4 Qb7 40. Nxe5 d4+ 41. Kg1
dxc3 42. bxc3 Qc7 43. Nd3 Nef5 44. Nf4 Qe7 45. Qa6 Qe1+ 46. Kg2 g5 47. Qa7+ Kh6
48. hxg5+ fxg5 49. Bxf5 Nxf5 50. Qxb6+ Kg7 51. Qg6+ Kh8 52. Qxh5+ Kg8 53. Qxg5+
Ng7 54. Nh5 Kf7 55. Qf6+ Ke8 56. Nxg7+ Kd7 57. Qe6+ 1-0

[Event "62nd ch-IND 2025"]
[Site "Guntur IND"]
[Date "2025.09.28"]
[Round "8.50"]
[White "Singh, Pritam"]
[Black "Borkhetariya Devarsh M"]
[Result "1-0"]
[WhiteElo "1933"]
[BlackElo "2040"]
[WhiteFideId "5001218"]
[BlackFideId "25777033"]
[EventDate "2025.09.21"]

1. Nf3 Nf6 2. g3 b6 3. Bg2 Bb7 4. d3 d5 5. a4 a6 6. b3 Nbd7 7. Bb2 e6 8. Nbd2
Bd6 9. O-O O-O 10. e4 dxe4 11. Ng5 Be5 12. d4 Bd6 13. Ngxe4 Nxe4 14. Nxe4 Rb8
15. Nxd6 cxd6 16. d5 e5 17. c4 Qe7 18. f4 f6 19. Bh3 Bc8 20. Be6+ Kh8 21. Ba3
Nc5 22. f5 Bd7 23. a5 Rfc8 24. axb6 Rxb6 25. Rb1 a5 26. Rf3 Qd8 27. Bxc5 Rxc5
28. Rc1 Rb4 29. Rfc3 Be8 30. g4 a4 31. bxa4 Qb6 32. Kh1 Bxa4 33. Qf1 Qd8 34. Rh3
Rb3 35. Rcc3 Rxc3 36. Rxc3 h6 37. h4 Qa5 38. Qc1 Qb4 39. g5 Kh7 40. gxf6 Bb5 41.
fxg7 1-0

[Event "62nd ch-IND 2025"]
[Site "Guntur IND"]
[Date "2025.09.28"]
[Round "8.51"]
[White "Dubey, Sanchay"]
[Black "Tata, Keerthi Rana"]
[Result "1/2-1/2"]
[WhiteElo "1929"]
[BlackElo "2029"]
[WhiteFideId "35030728"]
[BlackFideId "5015413"]
[EventDate "2025.09.21"]

1. e4 c5 2. Nf3 d6 3. d4 cxd4 4. Nxd4 Nf6 5. Nc3 a6 6. Bg5 e6 7. f4 Be7 8. Qf3
Qc7 9. O-O-O Nbd7 10. g4 b5 11. Bxf6 Nxf6 12. g5 Nd7 13. f5 Nc5 14. f6 gxf6 15.
gxf6 Bf8 16. Rg1 h5 17. Rg7 b4 18. Nd5 exd5 19. exd5 Nd7 20. Nc6 Bb7 21. Re1+
Ne5 22. Nxe5 dxe5 23. Bh3 Rc8 24. Bxc8 Bxc8 25. Qg3 Bd6 26. Rg8+ Rxg8 27. Qxg8+
Bf8 28. Qg5 Bd6 29. Qg8+ Bf8 30. Qg5 Bd6 31. Qg8+ Bf8 32. Qg5 1/2-1/2

[Event "62nd ch-IND 2025"]
[Site "Guntur IND"]
[Date "2025.09.28"]
[Round "8.52"]
[White "Mrittika Mallick"]
[Black "Chukka Vineel Radha Karthik"]
[Result "1/2-1/2"]
[WhiteElo "2024"]
[BlackElo "1889"]
[WhiteFideId "25902997"]
[BlackFideId "33367787"]
[EventDate "2025.09.21"]

1. e4 e6 2. d4 d5 3. e5 c5 4. c3 Nc6 5. Nf3 Bd7 6. dxc5 Bxc5 7. Bd3 Nge7 8. O-O
Ng6 9. Qe2 Qc7 10. Re1 a6 11. h4 h6 12. h5 Nge7 13. Nbd2 g6 14. hxg6 Nxg6 15.
Nb3 Bb6 16. Be3 O-O-O 17. Bxg6 fxg6 18. Bxb6 Qxb6 19. Nfd4 Rdf8 20. a4 Nxd4 21.
Nxd4 Rf4 22. a5 Qc7 23. Qd3 Rhf8 24. Re2 g5 25. b4 Kb8 26. g3 Re4 27. Rae1 Rc8
28. Kh1 Ka8 29. Kg1 Kb8 30. Kh1 Ka8 1/2-1/2

[Event "62nd ch-IND 2025"]
[Site "Guntur IND"]
[Date "2025.09.28"]
[Round "8.53"]
[White "Kavyasree T V S"]
[Black "Srijak Sengupta"]
[Result "1/2-1/2"]
[WhiteElo "1681"]
[BlackElo "2019"]
[WhiteFideId "25151860"]
[BlackFideId "25611356"]
[EventDate "2025.09.21"]

1. d4 d5 2. c4 e6 3. Nc3 Nf6 4. Bg5 c6 5. e3 h6 6. Bh4 Be7 7. Nf3 O-O 8. Bd3
Nbd7 9. O-O b6 10. Qe2 Ne4 11. Bg3 Nxg3 12. hxg3 dxc4 13. Bxc4 Qc7 14. Rfd1 Bb7
15. Rac1 Rad8 16. Ba6 Qc8 17. Bxb7 Qxb7 18. Rc2 c5 19. dxc5 Nxc5 20. Rcd2 Rxd2
21. Rxd2 Bf6 22. Nb5 Ne4 23. Rc2 Rc8 24. b3 a6 25. Nbd4 b5 26. Rxc8+ Qxc8 27.
Qc2 Qxc2 28. Nxc2 Nc3 29. a3 Kf8 30. Kf1 Ke8 31. Nd2 Kd7 32. f4 a5 33. e4 Kc6
34. Kf2 Be7 35. Ke3 Bc5+ 36. Kd3 Nd1 37. Ke2 Nb2 38. Ke1 Bd6 39. Ke2 h5 40. Nd4+
Kb6 41. Nc2 Nd1 42. Ne3 1/2-1/2

[Event "62nd ch-IND 2025"]
[Site "Guntur IND"]
[Date "2025.09.28"]
[Round "8.54"]
[White "Druvesh Dondapati"]
[Black "Anirudh R"]
[Result "1-0"]
[WhiteElo "2011"]
[BlackElo "1856"]
[WhiteFideId "33405980"]
[BlackFideId "25775677"]
[EventDate "2025.09.21"]

1. d4 d5 2. c4 c6 3. Nf3 Nf6 4. g3 Bg4 5. Bg2 e6 6. O-O h6 7. Qb3 Qb6 8. Nc3
Nbd7 9. Re1 Be7 10. Nd2 Qxd4 11. Qxb7 O-O 12. Nb3 Qxc4 13. Na5 Qc5 14. Nxc6 Rfc8
15. Nxe7+ Qxe7 16. Qa6 Qb4 17. Qb5 Rab8 18. Qxb4 Rxb4 19. b3 Rxc3 20. Bd2 d4 21.
Bxc3 dxc3 22. Rac1 e5 23. Rxc3 Be6 24. Rc7 a6 25. e3 Rb6 26. Rec1 Rd6 27. R7c6
Rd2 28. Rxa6 Ng4 29. Rf1 Nc5 30. Ra8+ Kh7 31. h3 Nf6 32. b4 Nd3 33. b5 Rb2 34.
a4 e4 35. Rd8 Rb4 36. Rd4 Rb2 37. a5 Rxb5 38. Ra1 Bd5 39. a6 Nc5 40. a7 Bb7 41.
Rd8 Nb3 42. Ra3 1-0

[Event "62nd ch-IND 2025"]
[Site "Guntur IND"]
[Date "2025.09.28"]
[Round "8.55"]
[White "Das, Sayantan"]
[Black "Naga Sai Sarthak Karanam"]
[Result "1-0"]
[WhiteTitle "GM"]
[WhiteElo "2435"]
[BlackElo "1948"]
[WhiteFideId "5034426"]
[BlackFideId "25930133"]
[EventDate "2025.09.21"]

1. e4 e6 2. d4 d5 3. Nc3 Nf6 4. e5 Nfd7 5. Nce2 c5 6. c3 Nc6 7. Nf3 Be7 8. a3 f6
9. Nf4 Ndxe5 10. dxe5 fxe5 11. Nh5 O-O 12. Be2 e4 13. Nd2 Bd7 14. O-O Qc7 15.
Ng3 Bd6 16. Nb1 Rf7 17. c4 Nd4 18. Nc3 Bc6 19. Bg4 dxc4 20. Ncxe4 Bxg3 21. Nxg3
Rd8 22. Bg5 Nf3+ 23. Qxf3 Bxf3 24. Bxd8 Qxd8 25. Bxf3 Qb6 26. Rab1 Rd7 27. Ne4
h6 28. Rfe1 Rd4 29. Re2 Qb3 30. Nc3 b5 31. Bc6 a6 32. Be8 g5 33. Rbe1 Rd6 34.
Bg6 Kg7 35. Bb1 b4 36. Ba2 bxc3 37. Bxb3 cxb3 38. bxc3 Rd3 39. Re3 Rd2 40. Rxe6
b2 41. Re7+ Kf6 42. Rb7 Rc2 43. Kf1 c4 44. g4 a5 45. a4 1-0

[Event "62nd ch-IND 2025"]
[Site "Guntur IND"]
[Date "2025.09.29"]
[Round "9.1"]
[White "Ayush, Sharma"]
[Black "Sasikiran, Krishnan"]
[Result "1/2-1/2"]
[WhiteTitle "IM"]
[BlackTitle "GM"]
[WhiteElo "2457"]
[BlackElo "2524"]
[WhiteFideId "45010943"]
[BlackFideId "5004985"]
[EventDate "2025.09.21"]

1. e4 c5 2. Nf3 d6 3. d4 cxd4 4. Nxd4 Nf6 5. Nc3 Nc6 6. Bg5 e6 7. Qd2 a6 8.
O-O-O Be7 9. f4 Bd7 10. Nf3 b5 11. e5 b4 12. exf6 bxc3 13. Qxc3 gxf6 14. Bh4 Rg8
15. Qd3 Rg7 16. Be1 d5 17. a3 Na5 18. Bc3 Rc8 19. g3 Nb7 20. Qe3 Nc5 21. Kb1 Qc7
22. Bd4 Rb8 23. Ka2 Rg8 24. Rc1 Qb7 25. Bg2 Ne4 26. Nd2 f5 27. c4 Bc6 28. Nxe4
fxe4 29. c5 f5 30. Bf1 a5 31. b3 Bf8 32. Be5 Bg7 33. Bxb8 Qxb8 34. Qd2 Qa7 35.
g4 fxg4 36. Rg1 Bf6 37. Be2 Ke7 38. Rxg4 Rxg4 39. Bxg4 d4 40. f5 a4 41. Bd1 Qb8
42. fxe6 d3 43. Qh6 Qe5 44. Qxh7+ Bg7 45. Qh4+ Bf6 46. Qh7+ Kd8 47. e7+ Bxe7 48.
Qg8+ Kc7 49. Bg4 Bd8 50. Qf7+ Kb8 51. Qf8 Kc7 52. Qf7+ Be7 53. Qg8 1/2-1/2

[Event "62nd ch-IND 2025"]
[Site "Guntur IND"]
[Date "2025.09.29"]
[Round "9.2"]
[White "Gupta, Abhijeet"]
[Black "Goutham Krishna H"]
[Result "0-1"]
[WhiteTitle "GM"]
[BlackTitle "IM"]
[WhiteElo "2511"]
[BlackElo "2418"]
[WhiteFideId "5010608"]
[BlackFideId "25983504"]
[EventDate "2025.09.21"]

1. d4 e6 2. c4 b6 3. Nc3 Bb7 4. a3 Nf6 5. Nf3 Ne4 6. Nxe4 Bxe4 7. e3 Be7 8. Bd3
d5 9. cxd5 Qxd5 10. Qa4+ c6 11. Bxe4 Qxe4 12. O-O O-O 13. Bd2 Nd7 14. Rac1 Rfc8
15. Rfd1 h6 16. h3 Rc7 17. b4 Rac8 18. Be1 c5 19. dxc5 Nxc5 20. Qb5 Nb7 21. Rxc7
Rxc7 22. Qe8+ Bf8 23. Qb8 Qc2 24. Rd2 Qc6 25. Ne5 Qc1 26. Kh2 Kh7 27. Qxf8 Qxe1
28. Nf3 Qc1 29. Rd4 f6 30. Qb8 a5 31. bxa5 bxa5 32. a4 Qc6 33. Nd2 Qc2 34. Ne4
Re7 35. Nd6 e5 36. Rd5 Rd7 37. e4 Nxd6 38. Rxd6 Rxd6 39. Qxd6 Qxf2 40. Qd5 Qe1
41. Qc6 h5 42. Qd5 Kh6 43. Qa8 Kg5 44. Qf8 g6 45. Qd8 Qc3 46. Qb6 h4 47. Qd8
Qg3+ 48. Kh1 Qe1+ 49. Kh2 Qc3 50. Qd1 Qg3+ 51. Kh1 Kf4 52. Qd2+ Qe3 53. Qxa5 Kg3
54. Qb6 Qxb6 0-1

[Event "62nd ch-IND 2025"]
[Site "Guntur IND"]
[Date "2025.09.29"]
[Round "9.3"]
[White "Iniyan, Pa"]
[Black "Deepan, Chakkravarthy J."]
[Result "1-0"]
[WhiteTitle "GM"]
[BlackTitle "GM"]
[WhiteElo "2599"]
[BlackElo "2407"]
[WhiteFideId "25002767"]
[BlackFideId "5011132"]
[EventDate "2025.09.21"]

1. d4 e6 2. c4 Bb4+ 3. Nc3 c5 4. e3 Ne7 5. Bd3 cxd4 6. exd4 d5 7. cxd5 Nxd5 8.
Ne2 Nc6 9. O-O Be7 10. a3 O-O 11. Bc2 Nxc3 12. bxc3 b6 13. Nf4 g6 14. Re1 Bf6
15. Nh5 Bh8 16. Bh6 Re8 17. d5 Ne5 18. f4 Nc4 19. Bg5 f6 20. Bh4 Kf7 21. Qf3
Qxd5 22. Be4 Qxh5 23. Qxh5 gxh5 24. Bxa8 f5 25. Bf3 Kg6 26. Bd5 b5 27. Rac1 Nxa3
28. Bc6 Rg8 29. Re3 Kf7 30. Bf3 Bf6 31. Bxh5+ Ke7 32. Bf2 Bb7 33. Rd3 Rxg2+ 34.
Kf1 Rxf2+ 35. Kxf2 Nc4 36. Rh3 a5 37. Bf3 Bxf3 38. Rxh7+ Kd6 39. Kxf3 e5 40. Rb7
e4+ 41. Kg3 a4 42. Rxb5 a3 43. Rxf5 Ke6 44. Rc5 1-0

[Event "62nd ch-IND 2025"]
[Site "Guntur IND"]
[Date "2025.09.29"]
[Round "9.4"]
[White "Aronyak, Ghosh"]
[Black "Aaditya, Dhingra"]
[Result "1/2-1/2"]
[WhiteTitle "IM"]
[BlackTitle "IM"]
[WhiteElo "2514"]
[BlackElo "2391"]
[WhiteFideId "25072846"]
[BlackFideId "25678191"]
[EventDate "2025.09.21"]

1. Nf3 d5 2. e3 Nf6 3. b3 Bf5 4. Be2 h6 5. O-O e6 6. c4 c6 7. Ba3 Bxa3 8. Nxa3
Qe7 9. Qc1 O-O 10. Qb2 a5 11. cxd5 exd5 12. Nc2 Nbd7 13. a3 c5 14. d4 b6 15. a4
Rac8 16. Na3 Ne4 17. Rfd1 Qf6 18. Rac1 Bg4 19. Rf1 Bxf3 20. Bxf3 cxd4 21. Bxe4
dxe4 22. Qxd4 Nc5 23. Qxf6 gxf6 24. Rb1 Rfd8 25. Nb5 Rd3 26. Rfc1 Rcd8 27. Nd4
Rd2 28. h3 Kg7 29. Rd1 Rxd1+ 30. Rxd1 Kg6 1/2-1/2

[Event "62nd ch-IND 2025"]
[Site "Guntur IND"]
[Date "2025.09.29"]
[Round "9.5"]
[White "Ritviz, Parab"]
[Black "Ganguly, Surya Shekhar"]
[Result "1-0"]
[WhiteTitle "IM"]
[BlackTitle "GM"]
[WhiteElo "2372"]
[BlackElo "2573"]
[WhiteFideId "5073367"]
[BlackFideId "5002150"]
[EventDate "2025.09.21"]

1. e4 e5 2. Nf3 Nc6 3. Bc4 Bc5 4. c3 Nf6 5. d3 a5 6. Nbd2 d6 7. Nf1 Be6 8. Bb5
O-O 9. Ng3 d5 10. Bxc6 bxc6 11. Nxe5 dxe4 12. d4 Bd6 13. Nxc6 Qe8 14. Ne5 Bxe5
15. dxe5 Ng4 16. O-O Rd8 17. Qe2 Nxe5 18. Qxe4 Bd5 19. Qe3 Bb7 20. Nf5 f6 21.
Qg3 Ng6 22. Be3 Qe4 23. Nd4 c5 24. Nb3 Ba8 25. Nxc5 Qd5 26. f3 Rfe8 27. Bd4 Rc8
28. Ne4 f5 29. Nd2 f4 30. Qg4 Bc6 31. Ne4 Bd7 32. Qg5 Bf5 33. Nd6 Rf8 34. Nxc8
Rxc8 35. g4 fxg3 36. hxg3 h6 37. Qe3 Bd7 38. Rae1 Qh5 39. Rf2 Qh3 40. Rg2 Rf8
41. Qe4 Kh7 42. Rh2 Qxg3+ 43. Rg2 Qd6 44. Qe7 Nxe7 45. Rxg7+ Kh8 46. Rexe7 Rg8
47. Rg2+ 1-0

[Event "62nd ch-IND 2025"]
[Site "Guntur IND"]
[Date "2025.09.29"]
[Round "9.6"]
[White "Sethuraman, S.P."]
[Black "Manish Anto, Cristiano F"]
[Result "0-1"]
[WhiteTitle "GM"]
[BlackTitle "IM"]
[WhiteElo "2572"]
[BlackElo "2368"]
[WhiteFideId "5021596"]
[BlackFideId "25095927"]
[EventDate "2025.09.21"]

1. e4 e5 2. Nf3 Nc6 3. Bc4 Bc5 4. d3 Nf6 5. O-O O-O 6. Re1 h6 7. c3 d6 8. b4 Bb6
9. Nbd2 a5 10. b5 Ne7 11. d4 Ng6 12. Bb2 a4 13. Ba3 Re8 14. Bf1 d5 15. Bd3 Bg4
16. exd5 Nf4 17. Bf1 e4 18. h3 exf3 19. Rxe8+ Qxe8 20. hxg4 fxg2 21. Bc4 Ne4 22.
Qc2 Ng5 23. Kh2 g6 24. Kg3 Ngh3 25. Nf3 h5 26. Ne5 h4+ 27. Kxh4 g1=Q 28. Rxg1
Nxg1 29. Kg3 f6 30. Be7 fxe5 31. dxe5 Qf7 32. Bf6 Ngh3 33. Qe4 Bxf2+ 34. Kh2 Qh7
35. d6+ Kf8 36. Be7+ Ke8 37. Bf7+ Kxf7 38. Qc4+ Ne6 39. Kg2 Bb6 0-1

[Event "62nd ch-IND 2025"]
[Site "Guntur IND"]
[Date "2025.09.29"]
[Round "9.7"]
[White "Sengupta, Deep"]
[Black "Nayak, Rajesh"]
[Result "1/2-1/2"]
[WhiteTitle "GM"]
[BlackTitle "FM"]
[WhiteElo "2490"]
[BlackElo "2352"]
[WhiteFideId "5008352"]
[BlackFideId "35017152"]
[EventDate "2025.09.21"]

1. e4 c5 2. c3 Nf6 3. e5 Nd5 4. Nf3 Nc6 5. Bc4 Nb6 6. Bb3 d5 7. exd6 Qxd6 8. O-O
Be6 9. Bxe6 Qxe6 10. a4 a6 11. a5 Nd5 12. d4 cxd4 13. Nxd4 Qd7 14. Nb3 e6 15.
N1d2 Be7 16. Ne4 Qc7 17. Bg5 f6 18. Bd2 O-O 19. c4 Ndb4 20. Nec5 Bxc5 21. Nxc5
Qe7 22. Be3 f5 23. Qd7 Qxd7 24. Nxd7 Rf7 25. Nb6 Re8 26. Bd2 Nd3 27. Ra3 Nc5 28.
Be3 Nd7 29. Rd1 Nxb6 30. Bxb6 e5 31. Re3 e4 32. f3 Ne5 33. b3 exf3 34. gxf3 f4
35. Rc3 g5 36. Rd5 h6 37. Bd4 Nc6 38. Bf2 Re2 39. Rcd3 Ne5 40. Kf1 Nxd3 41. Kxe2
Nb4 42. Rd6 Kh7 43. Bd4 Re7+ 44. Kd2 Nc6 45. Bc3 h5 46. h3 Ne5 47. Bxe5 Rxe5 48.
b4 Re7 49. b5 axb5 50. cxb5 Kg7 51. a6 bxa6 52. bxa6 g4 53. hxg4 hxg4 54. Rb6
Re5 55. fxg4 f3 56. Rb7+ Kg6 57. Rb8 Re2+ 58. Kd3 Ra2 59. Ke3 Rxa6 60. Ke4 1/2-1/2

[Event "62nd ch-IND 2025"]
[Site "Guntur IND"]
[Date "2025.09.29"]
[Round "9.8"]
[White "Viani, Antonio Dcunha"]
[Black "Ajay Santhosh Parvathareddy"]
[Result "1-0"]
[WhiteTitle "IM"]
[BlackTitle "FM"]
[WhiteElo "2355"]
[BlackElo "2482"]
[WhiteFideId "5027330"]
[BlackFideId "25998676"]
[EventDate "2025.09.21"]

1. c4 g6 2. d4 Bg7 3. Nc3 Nf6 4. e4 d6 5. Be2 O-O 6. Nf3 e5 7. O-O Na6 8. Be3
Qe8 9. dxe5 dxe5 10. Rb1 Ng4 11. Bd2 c6 12. h3 Nf6 13. b4 Nh5 14. Re1 Nf4 15.
Bf1 Qe7 16. Na4 Rd8 17. b5 Nc7 18. Qc1 Nce6 19. bxc6 bxc6 20. Rb3 Qc7 21. g3 Nh5
22. Qc3 Qe7 23. Qa5 Bd7 24. Bb4 Qe8 25. Nc5 Nxc5 26. Bxc5 Be6 27. Rb7 Rd7 28.
Reb1 Qc8 29. R7b3 f6 30. Kh2 Bh6 31. Qa3 Bf8 32. Bxf8 Qxf8 33. Qa5 Ng7 34. Ne1
Bf7 35. Rb7 Qc8 36. R7b2 Ne6 37. c5 Qf8 38. Nd3 Rad8 39. Rb7 Kg7 40. Qxa7 Qe7
41. a4 Nd4 42. Kg2 Bb3 43. Rxd7 Rxd7 44. Qb8 Bxa4 45. Ra1 Rd8 46. Qb6 Bc2 47.
Rc1 Rd7 48. Qb2 Rb7 49. Qa2 Bb3 50. Qd2 Be6 51. Qd1 Qd7 52. g4 g5 53. Rb1 Bb3
54. Qd2 Bc2 55. Rxb7 Qxb7 56. Nxe5 Bxe4+ 57. f3 Nb3 58. Qd6 fxe5 59. Qxe5+ Kf8
60. Qh8+ Kf7 61. Bc4+ Kg6 62. Qe8+ Kg7 63. Qxe4 Na5 64. Qe5+ Kf8 65. Qh8+ Ke7
66. Qxh7+ Kd8 67. Qh8+ Kd7 68. Qg7+ Ke8 69. Qg8+ Kd7 70. Qf7+ Kd8 71. Qf8+ Kd7
72. Qf5+ Ke8 73. Qg6+ Kd7 74. Be6+ Kc7 75. Qxg5 Qb2+ 76. Kg3 Nb7 77. Qf4+ Kd8
78. Qf8+ 1-0

[Event "62nd ch-IND 2025"]
[Site "Guntur IND"]
[Date "2025.09.29"]
[Round "9.9"]
[White "Gaikwad Manas"]
[Black "Harsh, Suresh"]
[Result "1/2-1/2"]
[BlackTitle "IM"]
[WhiteElo "2112"]
[BlackElo "2443"]
[WhiteFideId "25912410"]
[BlackFideId "45018464"]
[EventDate "2025.09.21"]

1. e4 e5 2. Nf3 Nc6 3. Bb5 a6 4. Ba4 Nf6 5. O-O b5 6. Bb3 Bc5 7. c3 d6 8. d4 Bb6
9. Be3 O-O 10. Nbd2 Re8 11. h3 exd4 12. cxd4 Na5 13. Bc2 Bb7 14. Qb1 Nc4 15.
Nxc4 bxc4 16. Nd2 Rb8 17. Nxc4 Bxe4 18. Bxe4 Nxe4 19. Qd3 d5 20. Ne5 Qd6 21.
Qxa6 Bxd4 22. Qxd6 cxd6 23. Nc6 Bxb2 24. Rab1 Rbc8 25. Rxb2 Rxc6 26. Rd1 Nc3 27.
Rd3 Rec8 28. Bd2 Ne4 29. Be3 Nc3 30. Bd2 Ne4 31. Be3 1/2-1/2

[Event "62nd ch-IND 2025"]
[Site "Guntur IND"]
[Date "2025.09.29"]
[Round "9.10"]
[White "Vignesh Advaith Vemula"]
[Black "Utsab, Chatterjee"]
[Result "1-0"]
[BlackTitle "IM"]
[WhiteElo "2431"]
[BlackElo "2299"]
[WhiteFideId "25792059"]
[BlackFideId "46609148"]
[EventDate "2025.09.21"]

1. e4 c5 2. Nf3 d6 3. d4 cxd4 4. Nxd4 Nf6 5. Nc3 a6 6. Nb3 e6 7. g4 b5 8. a3 Bb7
9. Bg2 h6 10. h4 Be7 11. g5 hxg5 12. hxg5 Rxh1+ 13. Bxh1 Nfd7 14. f4 Nc6 15. Be3
Nb6 16. Qe2 Nc4 17. O-O-O Qc7 18. g6 fxg6 19. Bf2 O-O-O 20. a4 N6a5 21. axb5 d5
22. exd5 Bb4 23. Nxa5 Bxa5 24. bxa6 Qxf4+ 25. Kb1 Bxa6 26. Qxe6+ Kb7 27. Qc6+ 1-0

[Event "62nd ch-IND 2025"]
[Site "Guntur IND"]
[Date "2025.09.29"]
[Round "9.11"]
[White "Nitin, S."]
[Black "Audi, Ameya"]
[Result "1/2-1/2"]
[WhiteTitle "IM"]
[BlackTitle "IM"]
[WhiteElo "2316"]
[BlackElo "2430"]
[WhiteFideId "5018277"]
[BlackFideId "25034430"]
[EventDate "2025.09.21"]

1. e4 c5 2. Nc3 d6 3. Nge2 Nf6 4. d4 cxd4 5. Nxd4 a6 6. Qf3 g6 7. h3 Bg7 8. Be3
O-O 9. O-O-O Nc6 10. g4 Be6 11. g5 Nxd4 12. Bxd4 Nh5 13. Be2 Qa5 14. Qe3 Rfc8
15. Bxh5 gxh5 16. Bxg7 Kxg7 17. a3 b5 18. f4 Rab8 19. f5 Bc4 20. f6+ Kg8 21.
fxe7 b4 22. Rd5 Qc7 23. axb4 Rxb4 24. Qd4 Rbb8 25. Rxd6 Qxe7 26. Rd1 Qb7 27. Nd5
Bxd5 28. Rxd5 Qc7 29. Rd2 Qf4 30. Rf5 Qg3 31. Qd3 Qe1+ 32. Rd1 Qb4 33. Qd4 Qb7
34. Rd5 a5 35. Qf6 Qc7 36. R1d2 Rf8 37. Qe5 Qc4 38. Qc3 Qxe4 39. Kb1 Rbc8 40.
Qd3 Qb4 41. Rd4 Qb6 42. Rd6 Rc6 43. Rxc6 Qxc6 44. Qd5 Qb6 45. Qd4 Qb5 46. Qf6
Qe8 47. Rd3 Qe4 48. Rd8 Qh1+ 49. Ka2 Qxh3 50. Rxf8+ Kxf8 51. Qd8+ Kg7 52. Qf6+
Kf8 53. Qd8+ 1/2-1/2

[Event "62nd ch-IND 2025"]
[Site "Guntur IND"]
[Date "2025.09.29"]
[Round "9.12"]
[White "Mahitosh, Dey"]
[Black "Soham, Kamotra"]
[Result "1/2-1/2"]
[WhiteTitle "FM"]
[BlackTitle "IM"]
[WhiteElo "2233"]
[BlackElo "2414"]
[WhiteFideId "25091468"]
[BlackFideId "46647490"]
[EventDate "2025.09.21"]

1. g3 e5 2. Bg2 d5 3. d3 Nf6 4. Nf3 Bd6 5. O-O O-O 6. c4 c6 7. cxd5 cxd5 8. Nc3
Nc6 9. e4 dxe4 10. dxe4 h6 11. Nb5 Bc5 12. Qxd8 Rxd8 13. Nd2 Bg4 14. Nb3 Bb6 15.
Nc3 Nb4 16. Nd2 Rac8 17. Nf3 Nd3 18. Ne1 Nxc1 19. Rxc1 Bd4 20. Nc2 Bxc3 21. bxc3
Rxc3 22. Ne3 Rdc8 23. Rb1 R8c7 24. Rfe1 b6 25. Nd5 Nxd5 26. exd5 f6 27. h3 Bf3
28. Bxf3 Rxf3 29. Rbd1 Kf7 30. Kg2 Rcc3 31. Re4 Rfd3 32. Rxd3 Rxd3 33. Rc4 a5
34. Rc7+ Kg6 35. Rd7 Rd2 36. a4 Rd4 37. Rd6 Kf5 38. Rxb6 Rxd5 39. Ra6 h5 40. Kf3
Rc5 41. Ra7 g6 42. Ra6 Rd5 43. Ra7 e4+ 44. Ke3 g5 45. Ra8 Rc5 46. Kd4 Re5 47.
Ke3 Rd5 48. Ra7 Rd3+ 49. Ke2 h4 50. Rxa5+ Kg6 51. gxh4 gxh4 52. Ra8 Rxh3 53. a5
Ra3 54. a6 h3 55. Rh8 Kf5 56. a7 Ra2+ 57. Ke1 Rxa7 58. Rxh3 Kg4 59. Rg3+ Kf4 60.
Rb3 Ra2 61. Rc3 f5 62. Rb3 Kg4 63. Rg3+ Kf4 64. Rb3 Ra1+ 65. Ke2 Rg1 66. Rb8 Rh1
67. Rb3 Rh7 68. Ra3 Rd7 69. Rb3 Rd6 70. Ra3 Rd5 71. Rb3 Ra5 72. Kd1 Kg5 73. f3
exf3 74. Ke1 Kf4 75. Rb8 Ra2 76. Kf1 Rd2 77. Ra8 Rb2 78. Rc8 f2 79. Rc3 Ke4 80.
Ra3 f4 81. Rc3 Kf5 82. Rf3 Kg4 83. Ra3 Rd2 84. Rb3 Rd1+ 85. Kxf2 Rh1 86. Ra3
Rh2+ 87. Kf1 f3 88. Ra8 Kg3 89. Rg8+ Kf4 90. Rf8+ Kg3 91. Rg8+ Kf4 92. Rf8+ Kg3 1/2-1/2

[Event "62nd ch-IND 2025"]
[Site "Guntur IND"]
[Date "2025.09.29"]
[Round "9.13"]
[White "Ramakrishna, J."]
[Black "Ravi, Teja S."]
[Result "0-1"]
[WhiteTitle "FM"]
[BlackTitle "IM"]
[WhiteElo "2028"]
[BlackElo "2410"]
[WhiteFideId "5008174"]
[BlackFideId "5017220"]
[EventDate "2025.09.21"]

1. Nf3 d5 2. g3 Nf6 3. Bg2 e6 4. O-O Be7 5. c4 O-O 6. d4 dxc4 7. Qa4 a6 8. Qxc4
b5 9. Qc2 Bb7 10. Bf4 Nd5 11. Bd2 Nd7 12. Ba5 Qb8 13. e4 N5f6 14. d5 exd5 15. e5
Ne4 16. Bh3 Nb6 17. b3 Bc8 18. Bg2 c5 19. Nfd2 f5 20. exf6 Nxf6 21. Re1 Bd6 22.
b4 cxb4 23. Qc6 Na4 24. Bxd5+ Nxd5 25. Qxd5+ Kh8 26. Ne4 Be7 27. Nbd2 Qa7 28.
Qe5 Bf5 29. Qb2 Kg8 30. Qe5 Bc8 31. Nb1 Qb8 32. Qd5+ Kh8 33. Ng5 Bxg5 34. Bxb4 0-1